ARRUPE JESUIT UNIVERSITY

CORONAVIRUS -STOP THE SPREAD - CLEAN,DISINFECT,COVER

Policies for the curriculum / (Record no. 119593)

MARC details
000 -LEADER
fixed length control field 00741cam a22002177a 4500
001 - CONTROL NUMBER
control field 2950115
003 - CONTROL NUMBER IDENTIFIER
control field ARRUPE
005 - DATE AND TIME OF LATEST TRANSACTION
control field 20140121115955.0
008 - FIXED-LENGTH DATA ELEMENTS--GENERAL INFORMATION
fixed length control field 900529s1989 enka 000 0 eng
010 ## - LIBRARY OF CONGRESS CONTROL NUMBER
LC control number 90160567
020 ## - INTERNATIONAL STANDARD BOOK NUMBER
International Standard Book Number 0340514361 :
Terms of availability £7.95
040 ## - CATALOGING SOURCE
Original cataloging agency DLC
Transcribing agency DLC
Modifying agency DLC
050 00 - LIBRARY OF CONGRESS CALL NUMBER
Classification number MLCM 91/04534 (L)
300 ## - PHYSICAL DESCRIPTION
Other physical details ill. ;
Dimensions 24 cm.
245 00 - TITLE STATEMENT
Title Policies for the curriculum /
Statement of responsibility, etc edited by Bob Moon, Patricia Murphy, and John Raynor.
260 ## - PUBLICATION, DISTRIBUTION, ETC. (IMPRINT)
Place of publication, distribution, etc London :
Name of publisher, distributor, etc Hodder & Stoughton in association with the Open University,
Date of publication, distribution, etc 1989.
300 ## - PHYSICAL DESCRIPTION
Extent x, 306 p. :
700 1# - ADDED ENTRY--PERSONAL NAME
Personal name Moon, Bob,
Dates associated with a name 1945-
9 (RLIN) 6744
906 ## - LOCAL DATA ELEMENT F, LDF (RLIN)
a 7
b cbc
c orignew
d 3
e ncip
f 19
g y-gencatlg
942 ## - ADDED ENTRY ELEMENTS (KOHA)
Source of classification or shelving scheme Library of Congress Classification
Koha item type Monograph ( Printed materials)
Holdings
Withdrawn status Lost status Source of classification or shelving scheme Damaged status Not for loan Home library Current library Date acquired Total Checkouts Full call number Barcode Date last seen Price effective from Koha item type
    Library of Congress Classification     ARRUPE LIBRARY ARRUPE LIBRARY 21/01/2014   LB2806.15.P766 1989 464122839 28/06/2018 21/01/2014 Monograph ( Printed materials)

 

Arrupe Library. PO Box MP320 Mt Pleasant, Harare, Zimbabwe
263 242 745411|librarian@aju.ac.zw